000 00749nam a2200229Ia 4500
001 9215
003 GE_BSU
008 181216s||||||||xx |||||||||||||| ||und||
040 _cGE_BSU
100 _aლორთქიფანიძე,კონსტანტინე
245 _aცაბუნია
245 _bმოთხრობები
245 _cრედ:ნონა კალანდარიშვილი;მხატვ:ო.ქანდარია
250 _aმე-2გამოც.
260 _aთბილისი.
260 _bნაკადული.
260 _c1986
300 _a300გვ;21სმ.
653 _aმოთხრობები
653 _aცაბუნია
942 _cBK
999 _c42518
_d42518